01011cam a2200205 a 450000100100000000500170001000800410002704000300006808200150009810000730011324500950018626000940028130000280037544000240040349000300042750002240045765000360068170000370071783000510075400000575320200929151754.0760629s1964 uy 001 0 spa  aDO-SdBNPcTxUdOCoLCdDLC a342bM385a1 aMartínez, Martín C.q(Martín Casimiro Martínez),d1859-1946.10aAnte la nueva Constitución /cMartín C. Martínez ; prólogo, Héctor Gros Espiell. aMontevideo, Uruguay :bMinisterio de Instrucción Pública y Previsión Social,c1964. axxxix, 268 p. ;c20 cm. 0aBiblioteca Artigas.1 aClásicos uruguayosv48. aAppendix (p. [203]-268) : El primer bienio del Consejo Nacional.--Sobre interpretacion del articulo 100 de la Constitucion.--Sobre delegacion de competencias legislativas al Poder Ejecutivo.--La revision constitucional. 4aDerecho constitucionalzUruguay1 aGros Espiell, Héctor,epról. 0aBiblioteca Artigas.pclásicos uruguayos,v48